| 000 | 00685nam a2200121Ia 4500 | ||
|---|---|---|---|
| 008 | 220616s9999||||xx |||||||||||||| ||und|| | ||
| 100 | _aWorkman, Travis | ||
| 245 | 0 | _aImperial Genus: The Formation and Limits of the Human in Modern Korea and Japan | |
| 546 | _aEnglish[eng] | ||
| 650 | _akorean history||japanese occupation||korean literature||colonial korea||imperial japan||essentialism||Anthropology||Empire of Japan||Multiculturalism||Proletariat | ||
| 856 | _uhttps://library.oapen.org/bitstream/20.500.12657/32856/1/602284.pdf||https://library.oapen.org/bitstream/20.500.12657/32856/1/602284.pdf||https://library.oapen.org/bitstream/20.500.12657/32856/1/602284.pdf | ||
| 942 | _cEB | ||
| 999 |
_c21177 _d21177 |
||